书目信息 |
| 题名: |
舒曼艺术歌曲精选
|
|
| 作者: | 钱仁康 译注 | |
| 分册: | ||
| 出版信息: | 上海 上海音乐出版社 2003.03 |
|
| 页数: | 109页 | |
| 开本: | 30cm | |
| 丛书名: | 欧洲著名艺术歌曲精选曲库 | |
| 单 册: | ||
| 中图分类: | J652.5 | |
| 科图分类: | ||
| 主题词: | 艺术歌曲--德国--选集 | |
| 电子资源: | ||
| ISBN: | 7-80667-139-0 | |
| 000 | 01081nam 2200277 450 | |
| 001 | 192004002277 | |
| 005 | 20070906162007.09 | |
| 010 | @a7-80667-139-0@dCNY22.00 | |
| 100 | @a20070601d2003 em y0chiy0121 ea | |
| 101 | 1 | @achi@cger |
| 102 | @aCN@b310000 | |
| 105 | @ag z 000yy | |
| 200 | 1 | @a舒曼艺术歌曲精选@Ashu man yi shu ge qu jing xuan@d= Selected Collection Of Schumann's Artistic Songs@f钱仁康译注 |
| 210 | @a上海@c上海音乐出版社@d2003.03 | |
| 215 | @a109页@d30cm@c乐谱 | |
| 225 | 2 | @a欧洲著名艺术歌曲精选曲库@Aou zhou zhu ming yi shu ge qu jing xuan qu ku |
| 300 | @a并列题名:Selected Collection of Schumann's Artistic Songs | |
| 300 | @a附钢琴伴奏及歌曲注释 | |
| 330 | @a本书是从1840年(“歌曲之年”)所作的歌曲中精选出来的舒曼的30首歌曲。它是由笔者最近翻译的,书后还附有每首歌曲的歌注。 | |
| 410 | 0 | @12001 @a欧洲著名艺术歌曲精选曲库 |
| 510 | 1 | @aSelected Collection of Schumann's Artistic Songs@zeng |
| 606 | 0 | @a艺术歌曲@y德国@j选集 |
| 690 | @aJ652.5@v4 | |
| 701 | 0 | @a钱仁康@Aqian ren kang@4译注 |
| 801 | 0 | @aCN@c20070906 |
| 905 | @dJ652.5@eQ223 | |
| 舒曼艺术歌曲精选= Selected Collection Of Schumann's Artistic Songs/钱仁康译注.-上海:上海音乐出版社,2003.03 |
| 109页;30cm:乐谱.-(欧洲著名艺术歌曲精选曲库) |
| 并列题名:Selected Collection of Schumann's Artistic Songs.-附钢琴伴奏及歌曲注释 |
| ISBN 7-80667-139-0:CNY22.00 |
| 本书是从1840年(“歌曲之年”)所作的歌曲中精选出来的舒曼的30首歌曲。它是由笔者最近翻译的,书后还附有每首歌曲的歌注。 |
| ● |
| 相关链接 |
|
|
|
正题名:舒曼艺术歌曲精选
索取号:J652.5/Q223
 
预约/预借
| 序号 | 登录号 | 条形码 | 馆藏地/架位号 | 状态 | 备注 |
| 1 | 625769 | 206257691 | 社科库309/309社科库 94排3列1层/ [索取号:J652.5/Q223] | 在馆 | |
| 2 | 625770 | 206257708 | 社科库309/309社科库 94排3列1层/ [索取号:J652.5/Q223] | 在馆 |